00454nam a2200145 a 450000500170000000800410001702000260005803700080008404000180009210000190011024500580012926000370018727000610022430000230028520100510143241.0071121s2008 nyu 000 1 eng  a9780241144749c399.00 bUBH adplbEnglish  aTheroux, Paul  aA dead hand:cby Paul Theroux ba crime in calcutta / aNew Delhi bPanguin Books c2009 a11 Community Centre, Panchsheel ParkbNew Delhi e110017 a265p. c24cm(pbk)